000 00707cam a2200241 4500500
005 20260405002539.0
041 _afre
042 _adc
100 1 0 _aMühlhoff, Birthe
_eauthor
245 0 0 _aMarc Jongen. Une alternative colérique pour l’Allemagne ?
260 _c2017.
500 _a85
690 _aAllemagne
690 _aCioran
690 _aFascisme
690 _aLibéralisme
690 _aMarc Jongen
690 _aNietzsche
690 _aPeter Sloterdijk
690 _aPolitique
786 0 _nPhilosophie magazine | 114 | 11 | 2017-11-01 | p. 4-4 | 1951-1787
856 4 1 _uhttps://shs.cairn.info/magazine-philosophie-magazine-2017-11-page-4?lang=fr&redirect-ssocas=7080
999 _c2058743
_d2058743